00480nam a2200181 a 4500001001300000003000900013005001700022008004100039020002300080082001700103100001800120245004000138260004800178300000900226500003500235650001000270700001800280nice12345678IN_TiNIC20260116015041.0071009s1999 bana grp 000 0 eng  a8170862396 c10000a307.336bSHI aShiri, Godwin aOur SlumsbMirror a Systemic Malady aBangalorebAsian Trading Corporation c1999 a131p aincludes index and biblioraphy aSlums1 aShiri, Godwin